000 00834cab a2200277 4500
001 ABS43746
008 090401t1990 xxu||||| |||| 00| 0 eng d
035 _a(Sirsi) u43324
041 _aeng
100 _aJones, J.V.H.
245 _aJoint ventures
260 _c1990
350 _a0
490 _aValuer (ISVA)
_v59(5) June 1990, 13-14
520 _aThe three part series on joint venture farming examines the pros and cons of the three types of joint venture contract farming , share farming and partnership agreements .
650 _aAGRICULTURAL HOLDINGS ACT 1986
650 _aCLA
650 _aFARM MANAGEMENT
650 _aLand use
_96251
650 _aMINISTERIAL LICENSES
650 _aSECURITY OF TENURE
650 _aVACANT POSSESSION
690 _aRURAL PRACTICE
942 _n0
948 _c04/03/1997
999 _c27683
_d27683